América y la lengua española / (Record no. 90073)

MARC details
000 -LEADER
campo de control de longitud fija 00559nam a2200181 i 4500
001 - NÚMERO DE CONTROL
campo de control 90073
003 - IDENTIFICADOR DE NÚMERO DE CONTROL
campo de control ES-MaACL
005 - FECHA Y HORA DE LA ÚLTIMA TRANSACCIÓN
campo de control 20230906180336.0
007 - CAMPO FIJO DE DESCRIPCIÓN FÍSICA--INFORMACIÓN GENERAL
campo de control de longitud fija t|
008 - DATOS DE LONGITUD FIJA--INFORMACIÓN GENERAL
campo de control de longitud fija 050118s1960 cu ||||1| spa d
100 1# - ENTRADA PRINCIPAL--NOMBRE DE PERSONA
Nombre de persona Lazo, Raimundo.
9 (RLIN) 70821
245 10 - MENCIÓN DEL TÍTULO
Título América y la lengua española /
Mención de responsabilidad, etc. por Raimundo Lazo.
260 ## - PUBLICACIÓN, DISTRIBUCIÓN, ETC.
Lugar de publicación, distribución, etc. La Habana :
Nombre del editor, distribuidor, etc. [s.n.,
Fecha de publicación, distribución, etc. 1960] (
Fabricante Imp. Litomen)
300 ## - DESCRIPCIÓN FÍSICA
Extensión 15 p. ;
Dimensiones 21 cm.
500 ## - NOTA GENERAL
Nota general Publicaciones de la Academia Cubana de la Lengua.
710 2# - ENTRADA AGREGADA--NOMBRE DE ENTIDAD CORPORATIVA
Nombre de entidad corporativa o nombre de jurisdicción como elemento de entrada Academia Cubana de la Lengua.
9 (RLIN) 1158
852 ## - LOCALIZACIÓN
Ubicación ES-MaACL
Número de control de estantería 2019-F-26
Sublocalización o colección R.46329
Holdings
Estatus retirado Estado de pérdida Estado de daño No para préstamo Colección Biblioteca de origen Biblioteca actual Ubicación en estantería Fecha de adquisición Fuente de adquisición Total de préstamos Signatura topográfica completa Código de barras Visto por última vez Precio de reemplazo Tipo de ítem Koha
        Colección de folletos Biblioteca del Ateneo de Madrid Biblioteca del Ateneo de Madrid Depósito folletos 17/01/2008     2019-F-26 1094066 23/02/2023 23/02/2023 Folleto